|
|
|
|
| LEADER |
00000nkm a2200000 a 4500 |
| 001 |
vtls011975875 |
| 003 |
SK-MaSNL |
| 005 |
20260301053922.0 |
| 007 |
kf bo |
| 008 |
231120s1958 xo g kuslo |
| 015 |
|
|
|a SNBG1958
|
| 035 |
|
|
|a urn:nbn:sk:snk-km00ehah
|
| 035 |
|
|
|a urn:nbn:sk:snk-km43bq6
|
| 035 |
|
|
|a A7A81ADC-2409-48DA-A4E9-85587DED1D58
|
| 040 |
|
|
|a SNK
|b slo
|c SNK
|e AACR2
|
| 041 |
0 |
|
|a slo
|
| 043 |
|
|
|a e-xo---
|
| 044 |
|
|
|a xo
|c SK
|
| 072 |
|
7 |
|a 913
|x Regionálna geografia
|2 konspekt
|
| 080 |
|
|
|a 913(437.6)
|2 2011
|
| 080 |
|
|
|a 711.455:615.838
|2 2011
|
| 080 |
|
|
|a 614.2:[725.1:614.21]
|2 2011
|
| 080 |
|
|
|a (084.121)
|2 2011
|
| 080 |
|
|
|a 553.7
|2 2011
|
| 245 |
0 |
0 |
|a Bardejovské kúpele
|h grafika
|b Liečebný dom Branisko
|
| 260 |
|
|
|a Martin
|b Osveta, n. p.
|a Bratislava
|b PŠK
|c 1958
|
| 300 |
|
|
|a 1 pohľadnica
|b čiernobiela
|c 11 x 15 cm
|
| 520 |
8 |
|
|a Zobrazenie: Zasnežený pohľad z chodníka na pavilon vpravo, ktorý je postavený nad pitným prameňom. Pred pavilónom je opadaný strom. V pozadí za pavilónom je rad budov, pred ktorými je rad opadaných stromov. V ľavom hornom rohu je konár
|
| 610 |
2 |
7 |
|a Bardejovské Kúpele (Slovensko)
|2 SNKKA
|9 186531
|
| 610 |
2 |
7 |
|a Liečebný dom Branisko (Bardejov, Slovensko)
|2 SNKKA
|9 360673
|
| 650 |
0 |
7 |
|a kúpele
|2 SNKPH
|9 1139
|
| 650 |
0 |
7 |
|a liečebne
|2 SNKPH
|9 56920
|
| 650 |
0 |
7 |
|a minerálne pramene
|2 SNKPH
|9 85546
|
| 651 |
|
7 |
|a Bardejovské Kúpele (Bardejov, Slovensko)
|2 SNKPHgeo
|9 187552
|
| 655 |
|
7 |
|a miestne pohľadnice
|2 SNKPH
|9 70510
|
| 852 |
|
|
|a Slovenská národná knižnica
|
| 954 |
|
|
|a pohľadnice pôvodné (slovenské)
|2 lita
|
| 958 |
|
|
|a GC
|
| 958 |
|
|
|a GBN
|
| 958 |
|
|
|a OND
|
| 958 |
|
|
|a EUIPO
|
| 999 |
|
|
|c 609613
|d 611543
|
| 952 |
|
|
|a SNK
|b SNK
|y PREZ
|7 0
|p 17A1411577
|o snkSP 119312
|i snkLM 783/1959
|0 0
|1 0
|4 0
|d 2020-06-23
|f 1
|l 0
|r 2026-02-23 16:19:41
|w 2026-02-23
|